| 000 | 00397 a2200169 4500 | ||
|---|---|---|---|
| 001 | 74457 | ||
| 020 | _a850806243-5 | ||
| 040 | _cAnchieta - Colégio São Paulo | ||
| 100 | _aRodrigues, Jaime | ||
| 240 | 1 | 0 |
_aO tráfico de escravos para o Brasil _lpor |
| 245 | 1 | 0 | _aO tráfico de escravos para o Brasil |
| 300 | _a64 | ||
| 362 | 0 | _a1998 | |
| 440 | 1 | _aÁtica | |
| 650 | 4 | _aBrasil | |
| 942 | _cBK | ||
| 999 |
_c74457 _d74457 |
||